000 00394nam a2200169Ia 4500
003 Ost
005 20260225132559.0
008 260225s9999||||xx |||||||||||||| ||und||
020 _a2218066718
040 _cfsic
041 _afre
082 _a341.1
100 _aJEAN-CHRISTOPHE BROCHIER
_eAuteur
245 0 _ala presse écrite /
245 0 _cJEAN-CHRISTOPHE BROCHIER
942 _cكتاب
999 _c34675
_d34675